[Event "Lichtenberger Sommer 2016"]
[Site "?"]
[Date "2016.08.14"]
[Round "2.81"]
[White "Klühs, Gustaf"]
[Black "Wolff, Marie Antoinette"]
[Result "0-1"]
[WhiteElo "1407"]
[BlackElo "1770"]
[PlyCount "130"]
[EventDate "2016.??.??"]
[WhiteTeam "Borussia Friedrichsfelde"]
[BlackTeam "Leegebrucher SF"]

1. d4 d5 2. Nf3 Nf6 3. e3 g6 4. Bd3 Bg7 5. O-O O-O 6. Nbd2 b6 7. c4 c6 8. e4
dxe4 9. Nxe4 Bg4 10. Be3 Nbd7 11. Ng3 e5 12. h3 Bxf3 13. Qxf3 Rc8 14. Qe2 Re8
15. Qd2 exd4 16. Bxd4 Ne5 17. Bxe5 Rxe5 18. Rfe1 Nd7 19. Bf1 Nc5 20. Qxd8+ Rxd8
21. b3 Nd3 22. Rxe5 Nxe5 23. Rb1 Rd2 24. a3 Bf8 25. a4 Nd7 26. Ne4 Rd4 27. f3
f5 28. Nc3 Nc5 29. b4 Nd3 30. Rd1 Bxb4 31. Na2 Bc5 32. Kh2 Nb2 33. Rxd4 Bxd4
34. Nb4 c5 35. Nc6 a6 36. a5 bxa5 37. Nxa5 Kf7 38. Kg3 Ke6 39. Be2 Na4 40. f4
Nc3 41. Bf3 Ne4+ 42. Kh2 Kd6 43. h4 Bf2 44. Kh3 Bg3 45. Bxe4 Bxf4 46. Bd5 Be3
47. Bg8 h6 48. Bh7 g5 49. Bxf5 Bd2 50. Nb7+ Kc6 51. Be4+ Kb6 52. Nd6 a5 53. Nf7
gxh4 54. Kxh4 a4 55. Bb1 Ka5 56. Kh5 Kb4 57. Nxh6 Kxc4 58. Nf5 Kb3 59. Be4 a3
60. Bd5+ Kb2 61. Nd6 Kc3 62. Ne4+ Kd4 63. Bc6 Be3 64. Nc3 Kxc3 65. Bd5 c4 0-1

[Event "Lichtenberger Sommer 2016"]
[Site "?"]
[Date "2016.08.14"]
[Round "2.82"]
[White "Bandsom, Olaf"]
[Black "Goroll, Hans-Juergen"]
[Result "1-0"]
[WhiteElo "1812"]
[BlackElo "1647"]
[PlyCount "111"]
[EventDate "2016.??.??"]
[WhiteTeam "SC Friesen Lichtenberg"]
[BlackTeam "Umweltbundesamt (FV Schach)"]

1. e4 c5 2. Nf3 d6 3. Bc4 Nf6 4. Nc3 Bg4 5. h3 Bxf3 6. Qxf3 Nc6 7. Bb5 Qc7 8.
Nd5 Nxd5 9. exd5 a6 10. Ba4 b5 11. dxc6 bxa4 12. Qe4 e6 13. Qxa4 Be7 14. b3 O-O
15. Bb2 Rfb8 16. Qg4 g6 17. h4 Rb4 18. c4 Qxc6 19. h5 e5 20. hxg6 hxg6 21. Qh3
Qe4+ 22. Kf1 Bf6 23. d3 Qc6 24. Re1 Kf8 25. f4 Re8 26. fxe5 dxe5 27. Qh6+ Bg7
28. Qe3 Rb7 29. Ba3 Rc7 30. Rh3 f5 31. Qg5 Qd6 32. Rg3 Kf7 33. Bb2 Re6 34. Kg1
Rc8 35. Rh3 Rh8 36. Rxh8 Bxh8 37. Qe3 Bf6 38. Kf1 g5 39. Qe2 Kg6 40. Kf2 g4 41.
Rh1 Qe7 42. Bc1 Bg5 43. Bxg5 Kxg5 44. Qe3+ f4 45. Qe4 Qd6 46. Rh7 Qd4+ 47. Qxd4
cxd4 48. Rd7 Kf6 49. b4 Rb6 50. a3 Ke6 51. Rh7 Kf5 52. Rh5+ Kg6 53. Rxe5 Kf6
54. Rd5 Re6 55. Rxd4 Re3 56. Rxf4+ 1-0

[Event "Lichtenberger Sommer 2016"]
[Site "?"]
[Date "2016.08.14"]
[Round "2.83"]
[White "Schmole-Rostosky, Joachim"]
[Black "Petersen, Moritz"]
[Result "0-1"]
[WhiteElo "1580"]
[BlackElo "1729"]
[PlyCount "105"]
[EventDate "2016.??.??"]
[WhiteTeam "SF SW Merzhausen"]
[BlackTeam "SV Rüdersdorf"]

1. e4 e6 2. d3 d5 3. Nd2 c5 4. g3 Nc6 5. Bg2 Nf6 6. Ne2 Be7 7. O-O b6 8. Nf4
Bb7 9. Re1 Rb8 10. c3 d4 11. c4 Ne5 12. Nf3 Nxf3+ 13. Bxf3 e5 14. Nd5 O-O 15.
Nxe7+ Qxe7 16. Bg2 Nd7 17. f4 exf4 18. Bxf4 Ne5 19. Bxe5 Qxe5 20. Qg4 Rbe8 21.
Qf4 Bc8 22. Qxe5 Rxe5 23. Rf1 Rfe8 24. Bf3 Bd7 25. b3 g6 26. a4 a5 27. Rae1 f5
28. Bg2 fxe4 29. Bxe4 Bf5 30. Bd5+ Kg7 31. Rxe5 Rxe5 32. Rf3 Re3 33. Rxe3 dxe3
34. Be4 Bxe4 35. dxe4 Kf6 36. Kg2 Ke5 37. Kf3 e2 38. Kxe2 Kxe4 39. g4 g5 40.
Kd2 Kd4 41. Kc2 Ke3 42. Kc3 Ke2 43. h3 h6 44. Kc2 Kf3 45. Kd3 Kf4 46. Ke2 Kg3
47. Ke3 Kxh3 48. Kf3 Kh4 49. Ke4 Kxg4 50. Kd5 h5 51. Kc6 h4 52. Kxb6 h3 53.
Kxa5 0-1

[Event "Lichtenberger Sommer 2016"]
[Site "?"]
[Date "2016.08.14"]
[Round "2.84"]
[White "Fischer, Josef"]
[Black "Glienke, Michael"]
[Result "0-1"]
[WhiteElo "1384"]
[BlackElo "1779"]
[PlyCount "48"]
[EventDate "2016.??.??"]
[WhiteTeam "SK Kriegshaber"]
[BlackTeam "SC Kreuzberg"]

1. e4 c5 2. d4 cxd4 3. c3 dxc3 4. Nxc3 Nc6 5. Nf3 d6 6. Bc4 e6 7. O-O Be7 8.
Qe2 a6 9. Rd1 Qc7 10. Bf4 Nf6 11. Rac1 O-O 12. e5 Nh5 13. exd6 Nxf4 14. dxc7
Nxe2+ 15. Nxe2 Bb4 16. Ned4 Nxd4 17. Rxd4 Ba5 18. Bb3 b5 19. Ne5 Ra7 20. Nc6
Rxc7 21. Rd6 Bb7 22. a3 Rfc8 23. Ne7+ Rxe7 24. Rxc8+ Bxc8 0-1

[Event "Lichtenberger Sommer 2016"]
[Site "?"]
[Date "2016.08.14"]
[Round "2.85"]
[White "Kohlmeyer, Dagobert"]
[Black "Ho, Ngoc Hai-Dang"]
[Result "1-0"]
[WhiteElo "1877"]
[BlackElo "1242"]
[PlyCount "61"]
[EventDate "2016.??.??"]
[WhiteTeam "SC Rochade (Berlin)"]
[BlackTeam "SF Friedrichshagen"]

1. e4 e5 2. Nf3 Nc6 3. Bb5 a6 4. Bxc6 dxc6 5. O-O Bd6 6. d4 exd4 7. e5 Bc5 8.
Bg5 Qd5 9. Qd3 h6 10. Bf4 Bg4 11. Nbd2 O-O-O 12. h3 Bh5 13. Qf5+ Kb8 14. Qxh5
g6 15. Qh4 Ne7 16. Bh2 Nf5 17. Qe4 Qe6 18. Nb3 Ba7 19. Rad1 c5 20. Rfe1 Rhe8
21. Qg4 b6 22. Nbd2 a5 23. b3 Re7 24. Ne4 Kb7 25. Nf6 c6 26. Qe4 Ng7 27. c3 Ne8
28. Nxe8 Rdxe8 29. cxd4 cxd4 30. Nxd4 Qc8 31. Rc1 1-0

[Event "Lichtenberger Sommer 2016"]
[Site "?"]
[Date "2016.08.14"]
[Round "2.86"]
[White "Toth, Hans-Jürgen"]
[Black "Schiering, Manfred"]
[Result "1/2-1/2"]
[WhiteElo "1623"]
[BlackElo "1671"]
[PlyCount "299"]
[EventDate "2016.??.??"]
[WhiteTeam "SF Zehdenick"]
[BlackTeam "vereinslos"]

1. f4 Nf6 2. Nf3 d6 3. e3 c5 4. b3 g6 5. Bb2 Bg7 6. Be2 Nc6 7. O-O O-O 8. Na3
Re8 9. d4 Ng4 10. Qc1 cxd4 11. exd4 Bd7 12. h3 Nf6 13. Bd3 Rc8 14. c3 a6 15. g4
b5 16. c4 Nb8 17. Nc2 Qb6 18. Ne3 h5 19. g5 Nh7 20. Kh2 e6 21. Qd2 bxc4 22.
Nxc4 Qc7 23. Ba3 Bf8 24. Rac1 Bc6 25. Qa5 Qxa5 26. Nxa5 Bb5 27. Bxb5 axb5 28.
Rxc8 Rxc8 29. Rc1 Rxc1 30. Bxc1 b4 31. Kg3 Na6 32. Nc4 Be7 33. Nfd2 Kf8 34. Na5
d5 35. Nf3 Bd6 36. Bd2 Ke7 37. Nb7 Nf8 38. Nxd6 Kxd6 39. Ne5 Nd7 40. Nxf7+ Ke7
41. Ne5 Nxe5 42. fxe5 Kd7 43. Kf3 Kc6 44. Ke3 Kb5 45. Kd3 Nc7 46. Bc1 Ne8 47.
a3 bxa3 48. Bxa3 Ng7 49. Bc5 Nf5 50. Ba3 Nh4 51. Kc3 Nf3 52. Bc1 Nh4 53. Bd2
Nf5 54. Kd3 Ng3 55. Be1 Nf5 56. Kc3 Ne7 57. b4 Nc6 58. Kd3 Ne7 59. Bc3 Nc8 60.
Kc2 Nb6 61. Kb3 Nc4 62. Be1 Ne3 63. Bd2 Nf5 64. Kc3 Ka4 65. Kd3 Ne7 66. Bc3 Nc8
67. Kc2 Na7 68. Kb2 Nb5 69. Kc2 Ka3 70. Kd3 Kb3 71. Bd2 Kb2 72. Be1 Kc1 73.
Bd2+ Kb2 74. Be1 Kb3 75. Bd2 Na3 76. Be1 Nc4 77. Bc3 Ka4 78. Be1 Kb5 79. Bc3
Nb6 80. Kc2 Kc4 81. b5 Kxb5 82. Kb3 Nc4 83. Bb4 Ne3 84. Bd2 Nf5 85. Kc3 Ka4 86.
Be1 Ng7 87. Bd2 Ne8 88. Be1 Nc7 89. Bd2 Nb5+ 90. Kd3 Kb3 91. Be1 Na3 92. Bd2
Nc4 93. Be1 Nb2+ 94. Ke2 Kc2 95. Ba5 Nc4 96. Be1 Nb2 97. Ba5 Nd3 98. Ke3 Nb2
99. Ke2 Kb3 100. Be1 Kc2 101. Ba5 Nd3 102. Bd2 Nb2 103. Ba5 Na4 104. Be1 Nb6
105. Ba5 Nc4 106. Be1 Nb6 107. Ba5 Na4 108. Be1 Nb2 109. Ba5 Nd3 110. Ke3 Nc1
111. Bd2 Nb3 112. Be1 Nc1 113. Bd2 Nd3 114. Ba5 Nb2 115. Ke2 Nd1 116. Be1 Nb2
117. Ba5 Nd3 118. Bd2 Nf2 119. h4 Ne4 120. Be1 Kb3 121. Kd3 Kb2 122. Ba5 Ng3
123. Be1 Nf5 124. Bf2 Kc1 125. Be1 Kd1 126. Bf2 Kc1 127. Be1 Kb2 128. Bc3+ Kb3
129. Be1 Ne7 130. Ba5 Nc6 131. Be1 Na7 132. Bd2 Nb5 133. Be1 Kb2 134. Bd2 Kb1
135. Bb4 Kb2 136. Bd2 Kb3 137. Be1 Nc7 138. Ba5 Ne8 139. Be1 Ng7 140. Bf2 Nf5
141. Be1 Kb2 142. Bc3+ Kc1 143. Be1 Kd1 144. Bf2 Ne7 145. Bg3 Kc1 146. Be1 Kb2
147. Bc3+ Kb3 148. Be1 Nf5 149. Bf2 Kb4 150. Be1+ 1/2-1/2

[Event "Lichtenberger Sommer 2016"]
[Site "?"]
[Date "2016.08.14"]
[Round "2.87"]
[White "Casny, Guenter"]
[Black "Wolfram, Mike"]
[Result "1-0"]
[WhiteElo "1862"]
[BlackElo "1556"]
[PlyCount "105"]
[EventDate "2016.??.??"]
[WhiteTeam "SC Rochade (Berlin)"]
[BlackTeam "Lok Pritzwalk"]

1. d4 d5 2. e3 Bf5 3. Nc3 Nf6 4. Bd3 Qd7 5. Nf3 Bxd3 6. Qxd3 e6 7. Ne5 Qd8 8.
a3 c6 9. g4 Bd6 10. h3 Qc7 11. f4 O-O 12. Rg1 a6 13. b4 Nbd7 14. Rb1 b5 15. Qe2
a5 16. g5 Ne8 17. h4 Nxe5 18. fxe5 Be7 19. Qg4 g6 20. h5 Ng7 21. hxg6 fxg6 22.
Rh1 Rf5 23. e4 dxe4 24. Nxe4 axb4 25. axb4 Qa7 26. Nf6+ Bxf6 27. gxf6 Qa2 28.
Rb2 Qa1 29. Kd1 Nh5 30. Qg2 Qa7 31. c3 Qd7 32. Kc2 Qd5 33. Kb1 Ra3 34. Qxd5
cxd5 35. Rc2 Ra4 36. Ra2 Rxa2 37. Kxa2 Ng3 38. Rh2 Rf3 39. Kb3 Ne4 40. Bb2 Rf1
41. Rc2 Rd1 42. Bc1 h5 43. Bh6 Ra1 44. Bc1 g5 45. Kb2 Ra4 46. Bxg5 Nxg5 47. Rg2
Kh7 48. Rxg5 Kh6 49. Rg8 Ra7 50. Re8 h4 51. Rxe6 Kg5 52. Re7 Ra8 53. Rg7+ 1-0

[Event "Lichtenberger Sommer 2016"]
[Site "?"]
[Date "2016.08.14"]
[Round "2.88"]
[White "Paris, Gerhard"]
[Black "Wallmann, Bodo"]
[Result "0-1"]
[WhiteElo "1486"]
[BlackElo "1841"]
[PlyCount "74"]
[EventDate "2016.??.??"]
[WhiteTeam "TSG Oberschöneweide"]
[BlackTeam "SC Kreuzberg"]

1. e4 c5 2. Nc3 d6 3. g3 Nc6 4. Bg2 e6 5. d3 Nf6 6. Be3 Qc7 7. Nge2 Be7 8. O-O
O-O 9. Qd2 a6 10. f4 Ng4 11. Bf2 Nxf2 12. Rxf2 b5 13. Raf1 b4 14. Nd1 Rb8 15.
Ne3 Bf6 16. b3 Nd4 17. Ng4 Nxe2+ 18. Qxe2 Bd4 19. Ne3 f5 20. Kh1 Bb7 21. Bh3
Rbe8 22. Nc4 Bxf2 23. Rxf2 d5 24. Nd2 Qa5 25. Nf3 dxe4 26. dxe4 fxe4 27. Qc4
Qb6 28. f5 Bd5 29. Qe2 exf3 30. Qe5 c4 31. Kg1 c3 32. g4 Qc5 33. fxe6 Rxe6 34.
Qg3 Re1+ 35. Bf1 Bc6 36. Qc7 Rxf1+ 37. Kxf1 Bb5+ 0-1

[Event "Lichtenberger Sommer 2016"]
[Site "?"]
[Date "2016.08.14"]
[Round "2.89"]
[White "Radjenovic, Branko"]
[Black "Kramer, Ralf"]
[Result "0-1"]
[WhiteElo "1802"]
[BlackElo "1559"]
[PlyCount "78"]
[EventDate "2016.??.??"]
[WhiteTeam "SK Dragojle Babic (Berlin)"]
[BlackTeam "SK Zehlendorf"]

1. d4 Nf6 2. c4 e5 3. dxe5 Ng4 4. Bf4 g5 5. Bg3 Bg7 6. Nf3 Nc6 7. Qd2 Ngxe5 8.
Nxe5 Nxe5 9. e3 d6 10. Nc3 Be6 11. b3 h5 12. h3 g4 13. Be2 gxh3 14. gxh3 Qf6
15. O-O-O Nc6 16. Nb1 a5 17. a3 O-O-O 18. Qc2 h4 19. Bf4 Rhe8 20. Bf3 Bf5 21.
Qa2 Ne5 22. Be2 Nd7 23. Rhg1 Bxb1 24. Kxb1 Nc5 25. Bg5 Qf5+ 26. Kc1 Qe5 27. Rd4
Nxb3+ 28. Qxb3 c5 29. Rdd1 Qa1+ 30. Kc2 Qe5 31. Rd5 Qe4+ 32. Bd3 Qf3 33. Rf1 f6
34. Bxh4 Rh8 35. Bg3 Rhe8 36. Qb6 Bf8 37. Rb1 Re7 38. Qxa5 Kd7 39. Rxd6+ Ke8
0-1

[Event "Lichtenberger Sommer 2016"]
[Site "?"]
[Date "2016.08.14"]
[Round "2.90"]
[White "Kretzschmar, Jan"]
[Black "Caglar, Erdal"]
[Result "1-0"]
[WhiteElo "1808"]
[BlackElo "1520"]
[PlyCount "83"]
[EventDate "2016.??.??"]
[WhiteTeam "SC Kreuzberg"]
[BlackTeam "SW Lichtenrade"]

1. d4 Nf6 2. Nf3 g6 3. g3 Bg7 4. Bg2 O-O 5. O-O d6 6. Re1 Nbd7 7. Nc3 e5 8.
dxe5 Nxe5 9. Nxe5 dxe5 10. Be3 c6 11. Bc5 Re8 12. a4 Nd7 13. Ba3 f5 14. e4 Nb6
15. b3 Be6 16. a5 Nc8 17. Qxd8 Rxd8 18. Rad1 Bf6 19. Na4 b6 20. Rxd8+ Bxd8 21.
exf5 Bxf5 22. Bxc6 Rb8 23. Rxe5 Bf6 24. Re8+ Kf7 25. Bd6 Ra8 26. Rf8+ Kg7 27.
Bd5 Nxd6 28. Rxa8 bxa5 29. Rxa7+ Kh6 30. c3 Nb5 31. Rxa5 Nxc3 32. Nxc3 Bxc3 33.
Ra6 Bd3 34. Bc4 Be4 35. h3 Bb4 36. Be2 Bc2 37. Rb6 Ba5 38. Rb5 Bd2 39. h4 Bf5
40. g4 Be4 41. Re5 Bb7 42. g5+ 1-0

[Event "Lichtenberger Sommer 2016"]
[Site "?"]
[Date "2016.08.14"]
[Round "2.91"]
[White "Raasch, Hauke"]
[Black "Korell, Klaus-Peter"]
[Result "0-1"]
[WhiteElo "1269"]
[BlackElo "1875"]
[PlyCount "76"]
[EventDate "2016.??.??"]
[WhiteTeam "SC Eintracht Berlin"]
[BlackTeam "SG TT/Wiheil (FV Schach)"]

1. d4 d5 2. Nf3 Nf6 3. e3 e6 4. Bd3 c5 5. c3 Bd6 6. Nbd2 O-O 7. O-O Nbd7 8. Re1
c4 9. Bc2 b5 10. a3 Bb7 11. Qe2 Ne4 12. h3 f5 13. Nh2 Qc7 14. Nhf1 Ndf6 15. f4
Qf7 16. Nf3 Qh5 17. Ne5 Qh4 18. Nf3 Qh6 19. Ne5 Rac8 20. Bd2 Rc7 21. Rac1 g5
22. Bd1 Rg7 23. Nh2 gxf4 24. exf4 Qxh3 25. Qf3 Qh6 26. Be3 Kh8 27. Rc2 a6 28.
Qe2 Bxe5 29. fxe5 Qh4 30. exf6 Rxf6 31. Nf3 Qg3 32. Qf1 f4 33. Bf2 Qh3 34. Bh4
Rh6 35. Qe2 Rxh4 36. Nxh4 Qxh4 37. Qf1 Rg6 38. Qe2 Rh6 0-1

[Event "Lichtenberger Sommer 2016"]
[Site "?"]
[Date "2016.08.14"]
[Round "2.92"]
[White "Kreuchauf, Olaf"]
[Black "Lippianowski, Stefan"]
[Result "1-0"]
[WhiteElo "1777"]
[BlackElo "1150"]
[PlyCount "85"]
[EventDate "2016.??.??"]
[WhiteTeam "SC Eintracht Berlin"]
[BlackTeam "SV Mattnetz Berlin"]

1. d4 d5 2. Nf3 Nc6 3. c3 Nf6 4. h3 Bf5 5. Bf4 Qd7 6. e3 O-O-O 7. Bb5 a6 8. Ba4
b5 9. Bc2 Ne4 10. b4 e6 11. Bxe4 Bxe4 12. a4 Ne7 13. Ne5 Qe8 14. f3 f6 15. Nd3
g5 16. Bh2 Nf5 17. Qe2 Bxd3 18. Qxd3 Nh4 19. Rg1 Bd6 20. Bxd6 Rxd6 21. axb5 Kd7
22. bxa6 Qa8 23. Qb5+ Ke7 24. Qa5 Qa7 25. Qc5 Ra8 26. Nd2 Nf5 27. Kf2 Kf7 28.
Qxa7 Rxa7 29. Ra5 e5 30. b5 exd4 31. cxd4 Re6 32. Re1 Nd6 33. Rc1 f5 34. Nf1
Nc4 35. Ra2 Rb6 36. e4 fxe4 37. fxe4 Rf6+ 38. Kg1 Nb6 39. e5 Rf4 40. Rf2 Ke6
41. Rc6+ Ke7 42. Rxf4 gxf4 43. Rf6 1-0

[Event "Lichtenberger Sommer 2016"]
[Site "?"]
[Date "2016.08.14"]
[Round "2.93"]
[White "Rehmsmeier, Marc"]
[Black "Andersohn, Marco"]
[Result "1-0"]
[WhiteElo "1686"]
[BlackElo "1300"]
[PlyCount "41"]
[EventDate "2016.??.??"]
[WhiteTeam "vereinslos"]
[BlackTeam "SC Weisse Dame (Berlin)"]

1. d4 d5 2. c4 dxc4 3. e4 e5 4. d5 Bc5 5. Nc3 Nf6 6. Nf3 Nbd7 7. Bxc4 O-O 8.
O-O Nb6 9. Bb3 Re8 10. Bg5 h6 11. Bh4 a6 12. Qe2 Bd7 13. h3 c6 14. Rfd1 g5 15.
Bxg5 hxg5 16. dxc6 bxc6 17. Nxg5 Nh7 18. Nxh7 Qh4 19. Na4 Nxa4 20. Rxd7 Rad8
21. Rxf7 1-0

[Event "Lichtenberger Sommer 2016"]
[Site "?"]
[Date "2016.08.14"]
[Round "2.94"]
[White "Chung, Nicholas"]
[Black "Schilly, Hans-Joachim"]
[Result "0-1"]
[WhiteElo "1402"]
[BlackElo "1804"]
[PlyCount "50"]
[EventDate "2016.??.??"]
[WhiteTeam "TuS Makkabi Berlin"]
[BlackTeam "SF Siemensstadt"]

1. e4 c6 2. Nc3 d5 3. exd5 cxd5 4. d4 Nc6 5. Bb5 Nf6 6. Bg5 Bg4 7. f3 Bf5 8.
Nge2 e6 9. Bd3 Bxd3 10. Qxd3 Be7 11. O-O-O a6 12. a3 b5 13. b4 Qb6 14. Qe3 O-O
15. g4 a5 16. Bxf6 Bxf6 17. bxa5 Nxa5 18. Qd3 Nc4 19. Nb1 Be7 20. Nec3 Bg5+ 21.
Rd2 b4 22. Ne2 Bxd2+ 23. Nxd2 Nxd2 24. Kxd2 Rxa3 25. c3 Rc8 0-1

[Event "Lichtenberger Sommer 2016"]
[Site "?"]
[Date "2016.08.14"]
[Round "2.95"]
[White "Dittrich, Hans-Juergen"]
[Black "Günther, Boris"]
[Result "0-1"]
[WhiteElo "1345"]
[BlackElo "1693"]
[PlyCount "28"]
[EventDate "2016.??.??"]
[WhiteTeam "vereinslos"]
[BlackTeam "SF Friedrichshagen"]

1. d4 d5 2. c4 c6 3. e3 Nf6 4. Nc3 e6 5. Bd2 Be7 6. Bd3 Nbd7 7. Nf3 O-O 8. c5
Qc7 9. Qc2 e5 10. dxe5 Nxe5 11. Nxe5 Qxe5 12. b4 d4 13. Ne4 dxe3 14. Bxe3 Qxa1+
0-1

[Event "Lichtenberger Sommer 2016"]
[Site "?"]
[Date "2016.08.14"]
[Round "2.96"]
[White "Schneider, Eckehard"]
[Black "Gläsmann, Christian"]
[Result "1-0"]
[WhiteElo "1800"]
[BlackElo "1518"]
[PlyCount "119"]
[EventDate "2016.??.??"]
[WhiteTeam "SF 1903 Berlin"]
[BlackTeam "SC Erkrath"]

1. e4 d6 2. d4 g6 3. Bc4 Bg7 4. Qf3 e6 5. Be3 Nc6 6. Ne2 Nge7 7. Nbc3 O-O 8.
O-O-O Qe8 9. g4 a6 10. h4 b5 11. Bd3 b4 12. Nb1 e5 13. d5 Nd4 14. Qg3 a5 15. h5
Ba6 16. h6 Bh8 17. Bxa6 Rxa6 18. Nxd4 exd4 19. Bxd4 Bxd4 20. Rxd4 Nc8 21. Re1
Qe5 22. Qe3 Nb6 23. f4 Qe8 24. e5 Ra8 25. Nd2 Rc8 26. Ne4 Nd7 27. Ng5 c5 28.
dxc6 Rxc6 29. Rxd6 Rxd6 30. exd6 Qxe3+ 31. Rxe3 Nf6 32. Re7 Nd5 33. Ra7 Nf6 34.
Rxa5 Nxg4 35. Rb5 Nxh6 36. Rxb4 Nf5 37. Ne4 Kg7 38. c4 h5 39. c5 h4 40. Rb3 Nd4
41. Rh3 Rh8 42. Kd2 Ne6 43. Ke3 f5 44. Ng5 Nxc5 45. Kd4 Nd7 46. Nf3 Ra8 47. Ne5
Nxe5 48. Kxe5 Ra5+ 49. Ke6 Kf8 50. Rxh4 Kg7 51. d7 Ra6+ 52. Ke7 Ra7 53. Ke8 g5
54. fxg5 f4 55. Rxf4 Kg6 56. d8=Q Kh5 57. Qd1+ Kg6 58. Qd6+ Kg7 59. Qf6+ Kg8
60. Qg6+ 1-0

[Event "Lichtenberger Sommer 2016"]
[Site "?"]
[Date "2016.08.14"]
[Round "2.97"]
[White "Eichstädt, Torsten"]
[Black "Engelhardt, Erhard"]
[Result "0-1"]
[WhiteElo "1346"]
[BlackElo "1754"]
[PlyCount "82"]
[EventDate "2016.??.??"]
[WhiteTeam "SC Friesen Lichtenberg"]
[BlackTeam "SSV Rotation Berlin"]

1. d4 e6 2. c4 b6 3. Nc3 Bb7 4. a3 f5 5. Nf3 Nf6 6. Bf4 Be7 7. Nb5 d6 8. Rc1 a6
9. Nc3 h6 10. d5 e5 11. Bxe5 dxe5 12. Nxe5 O-O 13. g4 Nxg4 14. Nxg4 fxg4 15. e3
Bh4 16. Rc2 Bc8 17. Ne4 Bf5 18. Bd3 Qe7 19. Ng3 Bxd3 20. Qxd3 Bxg3 21. hxg3 Qf6
22. Rh4 Nd7 23. Qd1 Ne5 24. Kf1 Rad8 25. f4 g5 26. Rh1 gxf4 27. gxf4 Nf3 28.
Rg2 Ne5 29. Rg3 Rf7 30. Ke1 Nxc4 31. Rxg4+ Rg7 32. Rgh4 Nxe3 33. Qd2 Ng2+ 34.
Qxg2 Rxg2 35. Rxh6 Re8+ 36. Kf1 Qxb2 37. Rh8+ Kf7 38. R1h7+ Rg7 39. Rh2 Qc1+
40. Kf2 Qg1+ 41. Kf3 Re3# 0-1

[Event "Lichtenberger Sommer 2016"]
[Site "?"]
[Date "2016.08.14"]
[Round "2.98"]
[White "Ollek, Karl-Heinz"]
[Black "Geist, Wolfgang"]
[Result "1-0"]
[WhiteElo "1739"]
[BlackElo "1447"]
[PlyCount "57"]
[EventDate "2016.??.??"]
[WhiteTeam "SC Friesen Lichtenberg"]
[BlackTeam "SC Weisse Dame (Berlin)"]

1. Nf3 d5 2. d4 Nf6 3. c4 c6 4. Nc3 e6 5. e3 Bb4 6. Bd3 Ne4 7. Bxe4 dxe4 8. Nd2
Bxc3 9. bxc3 O-O 10. Nxe4 Qh4 11. Ng3 Rd8 12. Qe2 Nd7 13. O-O Nf8 14. a4 a6 15.
Ba3 Rd7 16. Qh5 Qxh5 17. Nxh5 Ng6 18. Ng3 Ne7 19. Ne4 Nf5 20. Bc5 Nh6 21. a5 f5
22. Ng5 Rd8 23. h3 Nf7 24. Nf3 Nd6 25. Bxd6 Rxd6 26. c5 Rd7 27. Ne5 Re7 28.
Rab1 Rb8 29. Nxc6 1-0

[Event "Lichtenberger Sommer 2016"]
[Site "?"]
[Date "2016.08.14"]
[Round "2.99"]
[White "Weber, Gerald"]
[Black "Klühs, Isabel"]
[Result "1/2-1/2"]
[WhiteElo "1609"]
[BlackElo "1095"]
[PlyCount "67"]
[EventDate "2016.??.??"]
[WhiteTeam "SSV Rotation Berlin"]
[BlackTeam "Borussia Friedrichsfelde"]

1. c4 e5 2. Nc3 Nc6 3. g3 Bc5 4. Bg2 d6 5. a3 a6 6. b4 Bd4 7. Bb2 Bxc3 8. Bxc3
Bd7 9. e3 Nf6 10. Qc2 O-O 11. Nf3 Ne7 12. d4 exd4 13. exd4 Ng6 14. O-O Re8 15.
Nd2 Rb8 16. Rae1 Rxe1 17. Rxe1 b5 18. c5 d5 19. f4 Qc8 20. Nf3 Bf5 21. Qe2 Be4
22. Ng5 Bxg2 23. Qxg2 h6 24. Nf3 c6 25. Bd2 Qf5 26. Bc1 Re8 27. Rxe8+ Nxe8 28.
Ne5 Nxe5 29. fxe5 Nc7 30. Qf2 Qxf2+ 31. Kxf2 Ne6 32. Be3 Kh7 33. g4 g5 34. Kg3
1/2-1/2

[Event "Lichtenberger Sommer 2016"]
[Site "?"]
[Date "2016.08.14"]
[Round "2.100"]
[White "Lieger, Lucas"]
[Black "Prix, Siegfried"]
[Result "0-1"]
[WhiteElo "1239"]
[BlackElo "1726"]
[PlyCount "58"]
[EventDate "2016.??.??"]
[WhiteTeam "SC Eintracht Berlin"]
[BlackTeam "SF 1903 Berlin"]

1. d4 d5 2. Bf4 Nf6 3. h3 c5 4. Nf3 Nc6 5. e3 Qb6 6. b3 Bf5 7. c3 e6 8. Be2 Ne4
9. g4 Bg6 10. O-O Be7 11. Re1 Rc8 12. Qc1 O-O 13. Nbd2 Nd6 14. Qb2 Rfd8 15.
Red1 a5 16. Qc1 Nb5 17. Nb1 cxd4 18. exd4 Bf6 19. Bxb5 Qxb5 20. Bg5 Bxg5 21.
Nxg5 h6 22. Nf3 Qe2 23. Ne1 e5 24. dxe5 Nxe5 25. Rd2 Nf3+ 26. Nxf3 Qxf3 27. Kh2
Be4 28. Qg1 Bxb1 29. Rxb1 Qf4+ 0-1

[Event "Lichtenberger Sommer 2016"]
[Site "?"]
[Date "2016.08.14"]
[Round "2.101"]
[White "Maple, Shawn"]
[Black "Motsch, Sebastian"]
[Result "1-0"]
[WhiteElo "1726"]
[BlackElo "1036"]
[PlyCount "57"]
[EventDate "2016.??.??"]
[WhiteTeam "Königsjäger Süd-West"]
[BlackTeam "Ludwigsfelder SC"]

1. d4 d5 2. Nf3 Nf6 3. Bf4 e6 4. e3 c5 5. dxc5 Bxc5 6. Be2 Qb6 7. b3 Nc6 8. O-O
O-O 9. Nc3 Qd8 10. Nb5 Ne4 11. c4 a6 12. Nc7 Ra7 13. cxd5 Nc3 14. Qc2 Nxe2+ 15.
Qxe2 Bd6 16. dxc6 Bxf4 17. exf4 Qxc7 18. cxb7 Bxb7 19. g3 Raa8 20. Rac1 Qa5 21.
Ne5 Bd5 22. Rfd1 Qb5 23. Qxb5 axb5 24. Nd7 Rfc8 25. Rxc8+ Rxc8 26. Nb6 Rd8 27.
Nxd5 exd5 28. Kf1 b4 29. Rd4 1-0

[Event "Lichtenberger Sommer 2016"]
[Site "?"]
[Date "2016.08.14"]
[Round "2.102"]
[White "Petersen, Sophie"]
[Black "Bahr, Arne"]
[Result "1/2-1/2"]
[WhiteElo "1014"]
[BlackElo "1646"]
[PlyCount "52"]
[EventDate "2016.??.??"]
[WhiteTeam "SV Rüdersdorf"]
[BlackTeam "SG Turm Kiel"]

1. e4 g6 2. d4 Nf6 3. Nc3 d5 4. Bd3 Nc6 5. Nf3 Nb4 6. a3 Nxd3+ 7. cxd3 c6 8. e5
Nh5 9. Be3 Ng7 10. Qe2 h5 11. Bg5 Ne6 12. Be3 Bh6 13. O-O Qd7 14. Rad1 Nf4 15.
Qd2 Qg4 16. Ne1 g5 17. f3 Qf5 18. Kh1 f6 19. g3 Ng6 20. f4 fxe5 21. dxe5 Nxe5
22. d4 Nc4 23. Qe2 g4 24. Nd3 b6 25. Ne5 Nxe3 26. Qxe3 Qe6 1/2-1/2

[Event "Lichtenberger Sommer 2016"]
[Site "?"]
[Date "2016.08.14"]
[Round "2.103"]
[White "Udet, Fabian"]
[Black "Hoffmann, Kay"]
[Result "1-0"]
[WhiteElo "1663"]
[BlackElo "984"]
[PlyCount "37"]
[EventDate "2016.??.??"]
[WhiteTeam "1. SC Anhalt"]
[BlackTeam "SC Eintracht Berlin"]

1. e4 e5 2. f4 d6 3. Nf3 Nc6 4. Bb5 exf4 5. O-O Nf6 6. d3 Bg4 7. Bxf4 a6 8.
Bxc6+ bxc6 9. Qd2 Be7 10. Nc3 O-O 11. Rae1 d5 12. exd5 cxd5 13. Ne5 Bb4 14. Nc6
Bc5+ 15. d4 Qd7 16. Ne5 Bxd4+ 17. Qxd4 Qc8 18. Bg5 Nd7 19. Nxg4 1-0

[Event "Lichtenberger Sommer 2016"]
[Site "?"]
[Date "2016.08.14"]
[Round "2.104"]
[White "Lange, Malina"]
[Black "Pöcheim, Stephan"]
[Result "0-1"]
[WhiteElo "795"]
[BlackElo "1716"]
[PlyCount "74"]
[EventDate "2016.??.??"]
[WhiteTeam "TuS Makkabi Berlin"]
[BlackTeam "SF 1903 Berlin"]

1. e4 g6 2. d4 Bg7 3. Nf3 d6 4. c3 Nf6 5. Bd3 O-O 6. Bf4 Nh5 7. Be3 Nc6 8. O-O
e5 9. d5 Ne7 10. Nbd2 Nf4 11. Qc2 Nxd3 12. Qxd3 f5 13. c4 f4 14. Rfe1 Bh6 15.
Bd4 exd4 16. Qxd4 Bg7 17. e5 dxe5 18. Nxe5 Qd6 19. Ndf3 Bg4 20. Ng5 Nc6 21. c5
Nxd4 22. cxd6 cxd6 23. Nxg4 Nc2 24. Rec1 Nxa1 25. Rxa1 Rf5 26. Ne4 h5 27. Nxd6
Rxd5 28. Nxb7 Rb8 29. Rc1 Rxb7 30. Rc8+ Kh7 31. f3 hxg4 32. fxg4 Rxb2 33. Rc1
Rdd2 34. a4 Rxg2+ 35. Kh1 Rxh2+ 36. Kg1 Bd4+ 37. Kf1 Rh1# 0-1

[Event "Lichtenberger Sommer 2016"]
[Site "?"]
[Date "2016.08.15"]
[Round "3.1"]
[White "Dobrov, Vladimir"]
[Black "Brümmel, Arend"]
[Result "1-0"]
[WhiteElo "2510"]
[BlackElo "2152"]
[PlyCount "47"]
[EventDate "2016.??.??"]
[WhiteTeam "Perovo Moscow"]
[BlackTeam "Stader SV"]

1. e4 c5 2. Nf3 d6 3. c3 Nf6 4. Be2 Bg4 5. O-O Nc6 6. d4 cxd4 7. cxd4 d5 8. e5
Ne4 9. h3 Bh5 10. e6 fxe6 11. Nc3 Nxc3 12. bxc3 h6 13. Nh4 Bf7 14. Bh5 Rg8 15.
Bxf7+ Kxf7 16. Qf3+ Ke8 17. Re1 g5 18. Qh5+ Kd7 19. Qf7 Bg7 20. Ng6 Bf6 21. Nf4
gxf4 22. Qxe6+ Kc7 23. Bxf4+ Be5 24. Bxe5+ 1-0